Statystyki dla Kształty państw na mapie świata #6

Kliknij tutaj aby rozwiązać quiz!

Ogólne statystyki

  • Ten quiz został rozwiązany 11 714 razy
  • Średni wynik to 17 z 20

Odpowiedzi na mapie

Odpowiedzi skodowane kolorowo w zielono-czerwonej skali na mapie do tego quizu, zgodnie z poniższymi procentami.
 

Statystyki odpowiedzi

Państwo% Poprawnych
Dania
99%
Litwa
98%
Chile
97%
Austria
96%
Chorwacja
94%
Korea Północna
91%
Malta
90%
Wenezuela
88%
Libia
87%
Gruzja
85%
Panama
85%
Pakistan
84%
Syria
81%
Laos
78%
Bahamy
74%
Mozambik
70%
Erytrea
69%
Wybrzeże Kości Słoniowej
69%
Republika Środkowoafrykańska
67%
Mikronezja
65%

Rozkład punktacji

Percentyl według liczby udzielonych odpowiedzi

Procent ludzi z każdym wynikiem

Twoja historia wyników

Nie rozwiązałeś tego quizu